| 000 | 00457nam a22001817a 4500 | ||
|---|---|---|---|
| 005 | 20230926145712.0 | ||
| 008 | 230918b |||||||| |||| 00| 0 eng d | ||
| 020 | _a9780195470877 | ||
| 082 |
_a337 _bSTE-G |
||
| 100 | _aSteger,Manfred | ||
| 245 |
_aGlobalization : _bA very short Introduction |
||
| 260 |
_aIndia _bOxford Publisher _c2005 |
||
| 300 | _a147 | ||
| 500 | _aInclude Index | ||
| 650 | _aEconomics | ||
| 700 | _aManford Steger | ||
| 999 |
_c33618 _d33618 |
||